[Event "Agneaux St Lo op 16th"]
[Site "Agneaux"]
[Date "2014.07.08"]
[Round "4"]
[White "Miron, Lucian Costin"]
[Black "Lepigoche, Cyril"]
[Result "1-0"]
[WhiteElo "2509"]
[BlackElo "2110"]
[PlyCount "67"]
[EventDate "2014.07.06"]
[EventType "swiss"]
[EventRounds "9"]
[EventCountry "FRA"]
[SourceTitle "EXT 2015"]
[Source "ChessBase"]
[SourceDate "2014.11.20"]
[SourceVersion "1"]
[SourceVersionDate "2014.11.20"]
[SourceQuality "1"]

1. d4 d5 2. c4 c6 3. Nf3 Nf6 4. Nbd2 g6 5. g3 Bg7 6. Bg2 0-0 7. 0-0 Nbd7 8. b3 a5 9. Bb2 a4 10. Qc2 Qa5 11. Bc3 Qa6 12. e4 Nxe4 13. Nxe4 dxe4 14. Qxe4 Re8 15. Rfe1 Qb6 16. b4 Nf6 17. Qe2 Bg4 18. h3 Bxf3 19. Bxf3 Nd7 20. Qb2 e5 21. c5 Qb5 22. d5 cxd5 23. Bxd5 Rac8 24. Rad1 Re7 25. Bg2 Kf8 26. Rd6 Nb8 27. Rb6 Qd3 28. Rxb7 Re6 29. b5 Nd7 30. c6 Nb8 31. Be4 Qd8 32. Qd2 Bf6 33. Qxd8+ Bxd8 34. Bd5 1-0

[Event "Agneaux St Lo Coquereau op"]
[Site "Agneaux"]
[Date "2013.07.11"]
[Round "6"]
[White "Lepigoche, Cyril"]
[Black "Bakalarz, Grazyna"]
[Result "1-0"]
[WhiteElo "2113"]
[BlackElo "1993"]
[PlyCount "59"]
[EventDate "2013.07.07"]
[EventType "swiss"]
[EventRounds "9"]
[EventCountry "FRA"]
[SourceTitle "EXT 2014"]
[Source "ChessBase"]
[SourceDate "2013.11.20"]
[SourceVersion "1"]
[SourceVersionDate "2013.11.20"]
[SourceQuality "1"]

1. c4 Nf6 2. g3 g6 3. Bg2 d5 4. cxd5 Nxd5 5. Nc3 Nb6 6. Nf3 Bg7 7. d3 0-0 8. 0-0 Nc6 9. Be3 Nb4 10. Qd2 Re8 11. Bg5 c6 12. Rfd1 Bg4 13. h3 Be6 14. Kh2 N6d5 15. Ne4 Qb6 16. Bh6 Bh8 17. d4 Rad8 18. a3 Na6 19. b4 Bc8 20. Neg5 f6 21. Ne4 e5 22. dxe5 fxe5 23. Qa2 Nac7 24. Nfg5 Ne6 25. Rd3 Re7 26. Rad1 a5 27. Nc5 Rde8 28. e4 Nf6 29. Rd6 axb4 30. axb4 1-0

[Event "Agneaux St Lo op"]
[Site "Agneaux"]
[Date "2010.07.14"]
[Round "9"]
[White "Lepigoche, Cyril"]
[Black "Smagin, Nikita"]
[Result "1-0"]
[WhiteElo "2091"]
[BlackElo "1960"]
[PlyCount "107"]
[EventDate "2010.07.07"]
[EventType "swiss"]
[EventRounds "9"]
[EventCountry "FRA"]
[SourceTitle "CBM 137 Extra"]
[Source "ChessBase"]
[SourceDate "2010.09.01"]
[SourceVersion "1"]
[SourceVersionDate "2010.09.01"]
[SourceQuality "1"]

1. c4 f5 2. Nc3 Nf6 3. g3 g6 4. Bg2 Bg7 5. Nf3 d6 6. 0-0 0-0 7. d3 Nc6 8. Rb1 e5 9. b4 h6 10. b5 Ne7 11. Qc2 g5 12. Nd2 Qe8 13. a4 Qh5 14. Re1 f4 15. Nce4 Nf5 16. Nxf6+ Bxf6 17. Bb2 fxg3 18. hxg3 Nd4 19. Bxd4 exd4 20. c5 Be5 21. Qc4+ Kh8 22. Nf3 Qg4 23. cxd6 cxd6 24. Qd5 Qf5 25. Rf1 Qf6 26. Rbc1 Rb8 27. Nxe5 dxe5 28. Rc5 Re8 29. Rc7 Be6 30. Qc5 b6 31. Qb4 Rbc8 32. Qd6 Rxc7 33. Qxc7 Re7 34. Qb8+ Kg7 35. f4 exf4 36. gxf4 Bf7 37. Be4 g4 38. f5 h5 39. Qf4 Kf8 40. Rc1 Be8 41. Rc8 Kg7 42. Qb8 Qe5 43. Qxe5+ Rxe5 44. Rc7+ Kf6 45. Rxa7 Kg5 46. Rg7+ Kf4 47. Kg2 h4 48. f6 Rc5 49. f7 h3+ 50. Kh2 Bxf7 51. Rxf7+ Ke3 52. Kg3 Kxe2 53. Kxg4 h2 54. Rh7 1-0

[Event "Agneaux St Lo op"]
[Site "Agneaux"]
[Date "2010.07.11"]
[Round "6"]
[White "Le Goff, Ronan"]
[Black "Lepigoche, Cyril"]
[Result "1-0"]
[WhiteElo "1961"]
[BlackElo "2091"]
[PlyCount "67"]
[EventDate "2010.07.07"]
[EventType "swiss"]
[EventRounds "9"]
[EventCountry "FRA"]
[SourceTitle "CBM 137 Extra"]
[Source "ChessBase"]
[SourceDate "2010.09.01"]
[SourceVersion "1"]
[SourceVersionDate "2010.09.01"]
[SourceQuality "1"]

1. d4 Nf6 2. Nf3 d5 3. e3 c5 4. Bd3 Nc6 5. 0-0 Bg4 6. c3 e6 7. Nbd2 Bd6 8. Re1 0-0 9. Qc2 c4 10. Bf1 Bf5 11. Qd1 h6 12. Bxc4 dxc4 13. e4 Nxe4 14. Nxe4 Bc7 15. Ned2 b5 16. Nf1 a5 17. Ne3 Bd3 18. b3 a4 19. bxc4 bxc4 20. Ba3 Re8 21. Nd2 Na5 22. Bb4 Qb8 23. Qh5 Bg6 24. Qh3 Rc8 25. Rac1 Bd6 26. Bxd6 Qxd6 27. Nf3 Rab8 28. Ne5 Bh7 29. Nxf7 Qe7 30. Ne5 Rb2 31. Nd5 Qd6 32. Nf6+ gxf6 33. Qg3+ Kf8 34. Ng6+ 1-0

[Event "FRA-ch U20"]
[Site "Aix les Bains"]
[Date "2009.04.21"]
[Round "4"]
[White "Lepigoche, Cyril"]
[Black "Assedo, Johaquim"]
[Result "1/2-1/2"]
[WhiteElo "1973"]
[BlackElo "1799"]
[PlyCount "37"]
[EventDate "2009.04.19"]
[EventType "swiss"]
[EventRounds "9"]
[EventCountry "FRA"]
[SourceTitle "CBM 130 Extra"]
[Source "ChessBase"]
[SourceDate "2009.07.02"]
[SourceVersion "2"]
[SourceVersionDate "2009.07.15"]
[SourceQuality "1"]

1. c4 e5 2. g3 Nc6 3. Bg2 Nf6 4. Nc3 Bc5 5. d3 d6 6. a3 a6 7. Bg5 Bxf2+ 8. Kd2 Ba7 9. Qa4 Bd7 10. Rf1 h6 11. Bxf6 gxf6 12. e3 f5 13. Nd5 Rg8 14. Nf3 Nd4 15. Qb4 Nxf3+ 16. Bxf3 c6 17. Qxb7 cxd5 18. Bxd5 Ke7 19. Rxf5 1/2-1/2

[Event "FRA-ch U18"]
[Site "La Roche sur Yon"]
[Date "2008.04.25"]
[Round "7"]
[White "Lepigoche, Cyril"]
[Black "Blum, Nicolas"]
[Result "0-1"]
[WhiteElo "1879"]
[BlackElo "2180"]
[PlyCount "52"]
[EventDate "2008.04.21"]
[EventType "swiss"]
[EventRounds "9"]
[EventCountry "FRA"]
[SourceTitle "EXT 2010"]
[Source "ChessBase"]
[SourceDate "2010.11.25"]
[SourceVersion "1"]
[SourceVersionDate "2010.11.25"]
[SourceQuality "1"]

1. c4 e5 2. Nc3 Bb4 3. g3 Bxc3 4. bxc3 d6 5. Bg2 f5 6. e3 Nf6 7. d4 Qe7 8. Ba3 c5 9. Ne2 0-0 10. Rb1 Nc6 11. 0-0 Nd8 12. Qc2 Be6 13. d5 Bd7 14. Rb2 b6 15. e4 fxe4 16. Bxe4 Nxe4 17. Qxe4 Bf5 18. Qe3 Bh3 19. Re1 Nf7 20. Kh1 Nh6 21. f3 Bd7 22. Ng1 Qf7 23. Rg2 Qh5 24. Rf2 Nf5 25. g4 Nxe3 26. gxh5 Nxc4 0-1

[Event "FRA-chT3 Gr06 0607"]
[Site "France"]
[Date "2006.12.10"]
[Round "4.6"]
[White "Duplessy, Franck"]
[Black "Lepigoche, Cyril"]
[Result "1-0"]
[WhiteElo "2068"]
[BlackElo "2030"]
[PlyCount "115"]
[EventDate "2006.10.15"]
[EventType "team"]
[EventRounds "9"]
[EventCountry "FRA"]
[SourceTitle "EXT 2008"]
[Source "ChessBase"]
[SourceDate "2007.11.25"]
[SourceVersion "1"]
[SourceVersionDate "2007.11.25"]
[SourceQuality "1"]
[WhiteTeam "Arradon"]
[BlackTeam "Cherbourg Octeville"]
[WhiteTeamCountry "FRA"]
[BlackTeamCountry "FRA"]

1. Nf3 d5 2. g3 Nf6 3. Bg2 c5 4. d4 e6 5. c3 Qb6 6. Qb3 Nc6 7. Qxb6 axb6 8. Nbd2 Bd6 9. 0-0 0-0 10. Re1 Bc7 11. a3 Bd7 12. e3 Rfe8 13. b3 Re7 14. Bb2 Kf8 15. a4 Bd6 16. Ba3 Na7 17. Ne5 Rc8 18. c4 Bc6 19. Nd3 Nd7 20. Rac1 f5 21. cxd5 Bxd5 22. Nc4 Bb8 23. e4 fxe4 24. Bxe4 h6 25. Bxd5 exd5 26. Ne3 Bd6 27. Nxd5 Rf7 28. dxc5 bxc5 29. Re6 Rc6 30. Rce1 Rf3 31. N3f4 Rxb3 32. Bc1 Rb1 33. Kg2 Nc8 34. R6e2 g5 35. Ne6+ Kg8 36. Nd8 Ra6 37. Re8+ Nf8 38. Nxb7 Rxb7 39. Rxc8 Rxa4 40. Nf6+ Kf7 41. Ne4 Be7 42. Nxc5 Rc4 43. Rxf8+ Bxf8 44. Nxb7 Rc7 45. Na5 Bb4 46. Rd1 Bxa5 47. Be3 Rc6 48. Rb1 Kf6 49. Rb5 Bc7 50. g4 Rc4 51. h3 Bf4 52. Rf5+ Ke6 53. Bxf4 Rxf4 54. Rxf4 gxf4 55. Kf3 Ke5 56. h4 h5 57. gxh5 Kf5 58. h6 1-0